| 000 | 00474nam a22001457a 4500 | ||
|---|---|---|---|
| 008 | 230705b |||||||| |||| 00| 0 eng d | ||
| 020 | _a9789966823380 | ||
| 050 |
_aHF5549 _b .G58 2020 |
||
| 100 | _aGitoho, Salome | ||
| 245 |
_aHR practice: _ba rear view/ _cSalome G. |
||
| 260 |
_aNairobi Ken. : _bNeno publishers, _c2020 |
||
| 300 |
_axx,150p. ; _c21 cm |
||
| 650 |
_aHuman Resource Practice _xPersonnel management |
||
| 942 |
_2lcc _cBOOKS _hHF5549 .G58 2020 |
||
| 999 |
_c31640 _d31640 |
||